Music Quiz

Random Music or Lyrics Quiz

Lyrics: Sara by Fleetwood Mac Quiz Stats

 Plays Quiz not verified by Sporcle

Challenge
Share
Tweet
Embed
Score 0/218 Timer 10:00
0 Plays Today
Answer % Correct
a
99.5%
the
99.5%
a
99.5%
and
99.5%
and
99.5%
and
99.5%
a
99.5%
the
99.5%
a
99.5%
and
99.5%
the
99.5%
the
99.5%
the
99.5%
and
99.5%
the
99.5%
and
99.5%
the
99.5%
the
99.5%
and
99.5%
the
99.5%
and
99.5%
the
99.5%
and
99.5%
a
99.5%
and
99.5%
you
97.6%
you
97.6%
you
97.6%
you
97.6%
you
97.6%
you
97.6%
me
95.9%
me
95.9%
me
95.9%
me
95.9%
me
95.9%
me
95.9%
me
95.9%
I
95.6%
I
95.6%
I
95.6%
I
95.6%
to
94.9%
to
94.9%
to
94.9%
to
94.9%
in
94.4%
your
94.4%
in
94.4%
your
94.4%
in
94.4%
your
94.4%
in
94.4%
your
94.4%
never
93.9%
never
93.9%
never
93.9%
never
93.9%
Sara
93.7%
love
92.2%
love
92.2%
love
92.2%
love
92.2%
love
92.2%
love
92.2%
it
91.5%
it
91.5%
it
91.5%
it
91.5%
it
91.5%
when
91%
when
91%
when
91%
Answer % Correct
when
91%
he
89.8%
he
89.8%
call
89.6%
call
89.6%
call
89.6%
of
89.3%
of
89.3%
of
89.3%
of
89.3%
house
89.1%
my
89.1%
house
89.1%
my
89.1%
house
89.1%
house
89.1%
ever
88.3%
where
88.1%
build
88.1%
where
88.1%
build
88.1%
build
88.1%
where
88.1%
build
88.1%
its
87.1%
its
87.1%
its
87.1%
its
87.1%
heart
86.7%
heart
86.7%
but
86.2%
now
86.2%
now
86.2%
now
86.2%
now
86.2%
would
85.7%
would
85.7%
would
85.7%
with
85.4%
drown
85.4%
drown
85.4%
drown
85.4%
everyone
85.2%
everyone
85.2%
everyone
85.2%
gone
85%
doesn't
85%
gone
85%
doesn't
85%
gone
85%
doesn't
85%
gone
85%
doesn't
85%
matter
84.7%
matter
84.7%
matter
84.7%
matter
84.7%
sea
84.5%
sea
84.5%
sea
84.5%
said
84.2%
told
83%
Stay
82.8%
stay
82.8%
go
82.8%
Wait
81.6%
about
81.6%
you're
81.6%
baby
81.1%
stop
80.8%
minute
80.6%
poet
80.6%
give
79.6%
Answer % Correct
drowning
78.9%
drowning
78.9%
Drowning
78.4%
you'd
78.2%
fire
78.2%
for
78.2%
for
78.2%
change
77.7%
was
77.2%
was
77.2%
was
77.2%
awhile
75.5%
anymore
75%
anymore
75%
what
75%
anymore
75%
home
72.3%
home
72.3%
home
72.3%
home
72.3%
just
70.4%
like
65.5%
light
59.7%
singing
59.7%
had
59%
on
58.7%
all
58.7%
All
58.7%
there
58.5%
I'll
58.3%
wing
56.3%
met
56.3%
match
56.1%
undoing
55.3%
undoing
55.3%
is
55.1%
think
54.1%
laces
54.1%
laces
54.1%
that
52.2%
I'm
51.5%
night
51%
night
51%
great
50.2%
come
50.2%
storm
48.8%
wanted
48.3%
by
47.8%
wings
47.6%
within
47.1%
know
46.6%
time
45.9%
I'd
45.6%
I'd
45.6%
were
42.7%
at
41.7%
ask
40.5%
anywhere
39.8%
anywhere
39.8%
dark
39.1%
Hold
38.6%
coming
37.9%
care
35.2%
days
33.7%
really
33%
beat
31.3%
because
29.4%
died
27.7%
there's
26.5%
dreaming
25%
flew
24.8%
starling
21.8%

You're not logged in!

Compare scores with friends on all Sporcle quizzes.
OR
Log In

You Might Also Like...

Show Comments

Extras

Top Quizzes Today


Score Distribution

Your Account Isn't Verified!

In order to create a playlist on Sporcle, you need to verify the email address you used during registration. Go to your Sporcle Settings to finish the process.

Report this User

Report this user for behavior that violates our Community Guidelines.

Details: